[Event "Titled Tuesday intern op 17th Sep Early"]
[Site "Chess,com INT"]
[Date "2024.09.17"]
[Round "1"]
[White "Kleiman, Jake"]
[Black "Rupesh, Reddy Y"]
[Result "1-0"]
[WhiteElo "2399"]
[BlackElo "2227"]
[PlyCount "105"]
[EventDate "2024.09.17"]
[EventType "swiss (blitz)"]
[EventRounds "11"]
[EventCountry "USA"]
[SourceTitle "EXT 2025"]
[Source "ChessBase"]
[SourceDate "2024.10.14"]
[SourceVersion "1"]
[SourceVersionDate "2024.10.14"]
[SourceQuality "1"]

1. e4 c5 2. c3 Nf6 3. e5 Nd5 4. Bc4 e6 5. Nf3 Nc6 6. d4 cxd4 7. cxd4 d6 8. Qe2 dxe5 9. dxe5 Bb4+ 10. Nbd2 0-0 11. 0-0 a6 12. Qe4 Nce7 13. a3 Ba5 14. Bd3 Ng6 15. Nc4 Bc7 16. Bg5 Qe8 17. h4 h5 18. Rac1 b5 19. Nd6 Qd7 20. Nxc8 Raxc8 21. Rfd1 Bd8 22. Rxc8 Qxc8 23. g3 Qa8 24. Qe2 Qb8 25. Bb1 Bb6 26. Re1 Qa7 27. Kg2 Bd4 28. Nxd4 Qxd4 29. Qxh5 Qxb2 30. Be4 Qd4 31. Re2 Nc3 32. Bf3 Nxe2 33. Bxe2 Qxe5 34. Bf3 Qf5 35. Kh2 e5 36. Kg2 e4 37. Bg4 Qd5 38. Kh2 Qc5 39. Kg2 Qd5 40. Kh2 Re8 41. Be2 Qc5 42. Kg2 e3 43. Bxe3 Qxa3 44. Qg4 Qe7 45. h5 Ne5 46. Qf5 g6 47. hxg6 fxg6 48. Qf4 Rf8 49. Qe4 Qe8 50. Qd5+ Kg7 51. Bd4 Rf5 52. f4 Kh7 53. Bxe5 1-0